| 000 | 00432nam a2200169Ia 4500 | ||
|---|---|---|---|
| 003 | LK-CoDNM | ||
| 005 | 20240910101406.0 | ||
| 008 | 010623t1826 xxu||||| |||| 00| 1 eng d | ||
| 040 |
_aLK-CoDNM _dLK-CoDNM _eLK-CoDNM |
||
| 041 | _aeng | ||
| 080 |
_a6 _bD9 |
||
| 100 | _aDe Bussche, Captain L. | ||
| 245 | _aLetters on Ceylon ; Kingdom of Kandy | ||
| 260 |
_bS. Passey _aLondon _c1826 |
||
| 300 | _bvii, 165p. ; 22 cm | ||
| 942 | _cBK | ||
| 999 |
_c81025 _d81025 |
||